000 00830 a2200205 4500
001 61864
005 20260407155910.0
008 260407a1974 arg spa d
003 AR-UNSa-BCEJYS
040 _aAR-UNSa-BCEJYS
_bspa
_cAR-UNSa-BCEJYS
080 _a334.726
_xEmpresas multinacionales
245 1 0 _aSociedades extranacionales y multinacionales
264 1 _aBuenos Aires :
_bVíctor P. de Zavalía
_c1974
300 _a142 p.
_c22 cm.
505 _a1. Introducción - 2. Actuación internacional de las sociedades - 3. Nacionalidad de las sociedades - 4. Sociedades y corporaciones extranacionales, trasnacionales y multinacionales - 5. Mecanismos defensivos - 6. Radicación de capitales extranjeros -
041 _aspa
942 _cBK
590 _aniveau_biblio:m niveau_hierar:0
100 1 _aBiocca, Stella Maris
999 _c7454
_d7454